| 000 | 00395nam a2200157Ia 4500 | ||
|---|---|---|---|
| 008 | 160316s1983 xxu||||| |||| 00| 0 eng d | ||
| 082 |
_a0.000000 _b |
||
| 100 | _a | ||
| 245 | _aStructure and composition of the population of urban areas : Southern Europe | ||
| 250 | _a | ||
| 260 |
_aStrasbourg _bCouncil of Europe _c1983 |
||
| 300 |
_a106p _b _c |
||
| 365 | _b | ||
| 650 | _a | ||
| 700 |
_a _a |
||
| 999 |
_c17896 _d17896 |
||